Využitie ukazovateľov výkonnosti marketingových a obchodných činností v podniku diplomová práca

Salvato in:
Dettagli Bibliografici
Autore principale: Lehotkai, Gabriel
Ente Autore: Obchodná fakulta EU. Katedra marketingu
Altri autori: Oreský, Milan, 1956-
Natura: Libro
Lingua:slovacco
Pubblicazione: Bratislava 2017
Tags: Aggiungi Tag
Nessun Tag, puoi essere il primo ad aggiungerne!!

MARC

LEADER 00000nbm a2200000 4500
001 0230821
005 20170929130844.1
041 0 |a slo 
044 |a SK 
245 1 0 |a Využitie ukazovateľov výkonnosti marketingových a obchodných činností v podniku  |b diplomová práca  |c Gabriel Lehotkai ; školiteľ: Milan Oreský 
264 1 |a Bratislava  |c 2017 
300 |a 72 s. 
100 1 |a Lehotkai, Gabriel 
700 1 |a Oreský, Milan, 1956- 
710 2 |a Obchodná fakulta EU. Katedra marketingu